[Event "COL-ch U20"]
[Site "Cali"]
[Date "2024.03.03"]
[Round "8"]
[White "Norena Marin, Jeronimo"]
[Black "Castano Mejia, Juan Esteban"]
[Result "1-0"]
[WhiteElo "1322"]
[BlackElo "1481"]
[PlyCount "73"]
[EventDate "2024.02.28"]
[EventType "swiss"]
[EventRounds "9"]
[EventCountry "COL"]
[SourceTitle "CB11_2024"]
[SourceDate "2024.03.13"]
[SourceVersion "1"]
[SourceVersionDate "2024.03.13"]
[SourceQuality "1"]

1. d4 f5 2. Bg5 Nf6 3. e3 e6 4. Nf3 Be7 5. Bxf6 Bxf6 6. c4 b6 7. Nc3 Bb7 8. Rc1 d6 9. d5 e5 10. b4 0-0 11. c5 dxc5 12. bxc5 bxc5 13. Na4 e4 14. Nxc5 Bxd5 15. Nd4 c6 16. Qa4 Bxd4 17. Qxd4 Qa5+ 18. Rc3 Qc7 19. Bc4 Qf7 20. 0-0 Nd7 21. Bxd5 cxd5 22. Nxd7 Qxd7 23. Rc5 Rfd8 24. Rfc1 Qd6 25. Rc6 Qf8 26. R1c5 Rab8 27. g3 Kh8 28. Rxd5 Rxd5 29. Qxd5 h6 30. Qd4 Kh7 31. Rc7 a5 32. Qd5 Kg6 33. Rc6+ Kg5 34. h4+ Kg4 35. Qd1+ Kh3 36. Rg6 Qf7 37. Qf1# 1-0

[Event "COL-ch U20"]
[Site "Cali"]
[Date "2024.03.01"]
[Round "5"]
[White "Castano Mejia, Juan Esteban"]
[Black "Ramirez Villegas, Nicolas David"]
[Result "1/2-1/2"]
[WhiteElo "1481"]
[BlackElo "1547"]
[PlyCount "119"]
[EventDate "2024.02.28"]
[EventType "swiss"]
[EventRounds "9"]
[EventCountry "COL"]
[SourceTitle "CB11_2024"]
[SourceDate "2024.03.13"]
[SourceVersion "1"]
[SourceVersionDate "2024.03.13"]
[SourceQuality "1"]

1. e4 c5 2. Nf3 Nc6 3. Bc4 g6 4. 0-0 Bg7 5. Nc3 d6 6. h3 Nf6 7. d3 0-0 8. Be3 Nd7 9. d4 Qb6 10. d5 Nd4 11. Rb1 Nxf3+ 12. Qxf3 Ne5 13. Qe2 Nxc4 14. Qxc4 a6 15. b4 Qc7 16. bxc5 Bd7 17. c6 bxc6 18. Qd3 c5 19. Ne2 Rfb8 20. c4 Qa5 21. a3 Qc7 22. f4 Ra7 23. Rxb8+ Qxb8 24. Rb1 Rb7 25. Rxb7 Qxb7 26. Bc1 Ba4 27. Kf1 Qb3 28. Qxb3 Bxb3 29. Ke1 Bxc4 30. Kd2 Kf8 31. a4 a5 32. g3 Bb3 33. Nc3 Bxc3+ 34. Kxc3 Bxa4 35. Ba3 e6 36. dxe6 fxe6 37. e5 Ke7 38. exd6+ Kxd6 39. Kc4 Kc6 40. Bxc5 Bb5+ 41. Kd4 Bf1 42. h4 h5 43. Ba3 Kb5 44. Kc3 Bh3 45. Bd6 Kc6 46. Be5 Kc5 47. Kb3 Kb5 48. Bc3 Bg2 49. Be1 a4+ 50. Kc3 Kc5 51. Bd2 Kd5 52. Kd3 a3 53. Bc3 a2 54. Bb2 Bf1+ 55. Ke3 Kc4 56. Kd2 Kb3 57. Ba1 Kc4 58. Bb2 Kd5 59. Ke3 Bc4 60. Kf3 1/2-1/2